| 000 | 00351nam a22001217a 4500 | ||
|---|---|---|---|
| 003 | NUST | ||
| 020 | _a978-0-19-547219-6 | ||
| 082 | _a428, HOW | ||
| 245 |
_aEnglish for Undergraduates/ _bRevised and Updated _cby D. H. Howe, T. A. Kirkpatrick, and D. L. Kirkpatrick |
||
| 260 |
_aUK _bOxford Uni Press _c2005 |
||
| 300 | _a215: pages | ||
| 942 |
_2ddc _cBK |
||
| 999 |
_c591174 _d591174 |
||